[Event "Balkan Youth Online-ch 2020"]
[Site "Online"]
[Date "2020.10.31"]
[Round "4.47"]
[White "Alivodic, Dario"]
[Black "Tisaj, Domen"]
[Result "1-0"]
[WhiteElo "2093"]
[BlackElo "2274"]
[Annotator "TA"]
[PlyCount "105"]
[EventDate "2020.10.31"]
[EventType "swiss"]
[SourceTitle "playchess.com"]
[Source "ChessBase"]
[SourceQuality "1"]

{[%evp 11,105,40,44,35,48,34,55,47,62,60,64,39,39,45,32,45,53,50,77,62,57,37,48,18,39,33,45,39,59,4,105,108,106,106,111,98,104,104,105,48,63,59,58,57,55,55,55,55,49,55,80,72,93,96,96,96,96,96,93,93,89,89,93,106,195,182,180,102,93,81,101,85,138,83,129,116,112,109,95,102,136,44,214,229,206,171,145,68,56,83,45,0,0,0,717,709]} 1. d4 Nf6 2. c4 g6 3. Nc3 Bg7 4. e4 d6 5. Nge2 O-O 6. Ng3 h5 7. Be2 {E70: King's Indian: Miscellaneous lines with 4 e4, including 5 Nge2 and 5 Bd3 0-0 6 Nge2.} c6 8. O-O h4 9. Nh1 {White is slightly better.} h3 10. g4 e5 {Threatening ...exd4.} 11. dxe5 dxe5 12. Qxd8 Rxd8 13. f3 Nbd7 14. Rd1 {[#]} Re8 $146 ({Predecessor:} 14... Bf8 15. Be3 Re8 16. Nf2 Bc5 17. Bxc5 Nxc5 18. Nxh3 Ne6 19. Rd2 Kg7 20. Rad1 Nd4 {1-0 (39) Alivodic,D (2055)-Coro,L (2375) chess.com INT 2020}) 15. Nf2 Nc5 16. Be3 Ne6 17. Nxh3 Nd4 18. Rd2 $1 Be6 19. b3 Rad8 20. Rad1 ({White should try} 20. Nf2 $14) 20... Nxe2+ (20... Bf8 $1 $11 {keeps the balance.}) 21. Nxe2 $16 Rxd2 22. Rxd2 a6 23. Nc3 b5 24. cxb5 axb5 25. Bb6 (25. Rc2 $16) 25... Bf8 26. Kf1 Nd7 27. Be3 Bb4 28. Rc2 $1 f6 29. Nf2 Ra8 30. Ne2 Ra6 31. Nd3 Be7 32. Nec1 Kf7 33. Nc5 Nxc5 34. Bxc5 Bxc5 35. Rxc5 {[%mdl 4096] Endgame KRB-KRN} Ke7 36. Rc2 Kd6 37. Nd3 Bc8 (37... Ra7 $16 {was called for.}) 38. h4 $18 Ra7 39. Nb4 (39. Rd2 $18) 39... c5 $16 40. Rd2+ Ke6 41. Nd5 Rh7 (41... f5 $142) 42. Kg2 (42. Rc2 $142) 42... Bb7 43. Kg3 Rd7 {[%cal Rb7d5]} 44. h5 gxh5 45. gxh5 Bc6 46. Kh4 (46. h6 $16) 46... Rh7 $2 {[#]} (46... c4 $14) 47. Nxf6 $1 $18 Rf7 48. Ng4 Rxf3 49. h6 ({White should play} 49. Rc2 $16 Kd6 50. Re2) 49... Bxe4 $14 50. Re2 Kd5 51. Rxe4 {[%mdl 64] [#] Remove Defender} Kxe4 52. h7 Rf1 $2 {[%mdl 8192]} (52... Rf8 $11 53. Nf6+ Kd4) 53. Kg5 {Av CentiPawn Loss W=-13/B=-29. Weighted=-16/-64} ({Wrong is} 53. Nf6+ $2 Kf5 $19) 1-0

[Event "Balkan Youth Online-ch 2020"]
[Site "Online"]
[Date "2020.10.31"]
[Round "4.48"]
[White "Miletic, Vuk"]
[Black "Akdag, Omer Amir"]
[Result "1-0"]
[WhiteElo "2106"]
[BlackElo "1970"]
[Annotator "TA"]
[PlyCount "91"]
[EventDate "2020.10.31"]
[EventType "swiss"]
[SourceTitle "playchess.com"]
[Source "ChessBase"]
[SourceQuality "1"]

{[%evp 14,91,66,54,71,73,97,30,31,-10,131,143,143,111,132,73,85,82,96,95,93,84,188,205,214,206,218,208,223,218,252,257,332,329,430,320,357,358,419,410,411,402,521,520,491,508,1110,856,931,552,601,601,540,528,371,0,2139,2135,1860,1931,1632,1600,1157,669,625,300,553,460,2218,2112,1460,1244,5514,5297,2407,2644,29980,1324,2077,2012]} 1. d4 Nf6 2. c4 g6 3. Nc3 Bg7 4. e4 d6 5. Nge2 O-O 6. Ng3 e5 7. d5 Ne8 8. Be2 f5 {E70: King's Indian: Miscellaneous lines with 4 e4, including 5 Nge2 and 5 Bd3 0-0 6 Nge2.} 9. exf5 gxf5 10. h4 (10. Nh5 $16) 10... Nf6 $11 {[#] White has an edge.} 11. Qc2 $146 ({Predecessor:} 11. Bg5 h6 12. Bxf6 Bxf6 13. Qd3 Bxh4 14. Nh5 e4 15. Qh3 Bg5 16. g4 Qe7 17. gxf5 {0-1 (49) Mourot,F-Huisman,C France 1999}) 11... Ng4 (11... f4 $11 12. Nge4 Bf5) 12. Bxg4 $16 fxg4 13. Bg5 Qe8 14. Nce4 (14. h5 $142) 14... h6 15. Be3 b6 16. h5 Na6 17. Qd2 Kh7 {[#]} (17... Nc5 $16) 18. b4 $1 $18 Qf7 19. Rc1 Bf5 20. a3 $40 {[%mdl 128] White attacks with force.} Bxe4 21. Nxe4 Qf5 22. Ng3 Qd7 23. c5 Qb5 {[%cal Rd6c5]} 24. Qc2+ Kh8 25. Nf5 Rf6 26. Nxg7 Kxg7 27. Rh4 bxc5 28. Rxg4+ Kh8 {[#]} 29. Rg6 $1 {[%mdl 512]} Raf8 (29... Nxb4 $142 30. axb4 Qxb4+ 31. Kf1 Qh4) 30. Bxh6 R8f7 31. Bg5 Rxf2 {[%csl Gf2,Gf7][%cal Rb5f1]} 32. Rh6+ Kg8 {[%csl Gf2,Gf7][%cal Rb5f1]} 33. Qg6+ Rg7 {[%csl Gf2][%cal Rb5f1]} 34. Qe6+ $2 ({White has to play} 34. Kxf2 $18 {White wants to mate with Qe6+.} Rxg6 35. Rxg6+ Kh7 36. Rh6+ Kg8 37. Rg6+ Kh7 38. Rh6+ Kg8 39. Rg6+) 34... Rff7 $4 {[%mdl 8192]} (34... Rgf7 $11 35. Qg6+ {[#]} Rg7 $1 {[%mdl 512]} 36. Qe6+ (36. Kxf2 Rxg6 37. Rxg6+ Kh7 $18) 36... Rgf7 37. Qg6+) 35. Qc8+ Rf8 {[#]} 36. Rh8+ $1 {[%mdl 576] Deflection, Decoy} Kxh8 37. Qxf8+ Kh7 38. Qf5+ Kg8 39. g4 (39. h6 $142 Qd7 40. Qf6) 39... Qe8 $2 (39... Qd7 {was called for.}) 40. h6 Rf7 (40... Rg6 $142 41. Be3 Nb8 42. bxc5 dxc5 43. Rxc5 c6) 41. Qg6+ Kf8 42. h7 {[%cal Rh7h8]} Rf1+ 43. Kxf1 {[%cal Rh7h8]} Qxg6 44. h8=Q+ Kf7 45. Qh5 (45. Kg2 $142 Qxg5 46. Rf1+ Qf4 47. Rxf4+ exf4 48. Qc8 cxb4 49. Qxa6 b3 50. Qxa7) 45... cxb4 46. axb4 {Av CentiPawn Loss W=-93/B=-44. Weighted=-127/-100} 1-0

[Event "Balkan Youth Online-ch 2020"]
[Site "Online"]
[Date "2020.10.31"]
[Round "4.49"]
[White "Zvezdakoski Matej"]
[Black "Karousos-Theodorakis, Nikolaos"]
[Result "0-1"]
[WhiteElo "1917"]
[BlackElo "2244"]
[Annotator "TA"]
[PlyCount "96"]
[EventDate "2020.10.31"]
[EventType "swiss"]
[SourceTitle "playchess.com"]
[Source "ChessBase"]
[SourceQuality "1"]

{[%evp 11,96,-16,-10,-14,-19,-16,0,0,0,-39,-40,-47,-24,0,-12,-155,-161,-169,-165,-176,-175,-187,-175,-166,-162,-215,-221,-206,-210,-250,-247,-257,-250,-272,-229,-261,-241,-304,-297,-301,-293,-294,-278,-329,-352,-377,-307,-301,-288,-479,-172,-195,-195,-284,-266,-266,-220,-258,-269,-256,-258,-209,-135,-266,-258,-389,-336,-308,-301,-291,-273,-264,-247,-212,0,-529,-529,-529,-459,-1264,-1206,-5089,-5089,-29961,-5065,-5057,-2357]} 1. e4 c5 2. c4 Nc6 3. Nc3 g6 4. g3 Bg7 5. Bg2 d6 6. Nge2 h5 7. h4 {A36: Symmetrical English vs ...g6: 4 Bg2 Bg7.} Nf6 8. d3 O-O 9. O-O {The position is equal.} Rb8 {[#]} 10. d4 $146 ({Predecessor:} 10. Bg5 a6 11. Qd2 Ne5 12. Rad1 Re8 13. b3 Bg4 14. f3 Bd7 15. d4 cxd4 16. Nxd4 {0-1 (41) Granados Gomez,M (2417)-Iljushin,A (2520) Figueres 2007}) 10... cxd4 11. Nxd4 Nxd4 (11... Nxe4 $5 12. Nxc6 Nxc3 $11) 12. Qxd4 Be6 13. Bf4 (13. Qd3 $11) 13... Nd5 $1 $17 {[%mdl 64] [#] Pin} 14. Qxa7 Nxf4 {[%mdl 64] Discovered Attack} ({Don't take} 14... Nxc3 15. bxc3 Bxc4 16. Rfc1 $15) 15. gxf4 Bxc4 16. Rfd1 e6 17. Qe3 Qxh4 18. Rxd6 (18. Qg3 $142 Qe7 19. Rac1) 18... Bh6 $19 19. Qg3 Qxf4 20. Qxf4 Bxf4 21. Rd7 Be5 22. a4 g5 23. Bf1 Bxf1 24. Rxf1 Rfd8 25. Rfd1 Rxd7 26. Rxd7 {[%mdl 4096] Endgame KRB-KRN} h4 27. f3 h3 28. Nd1 Kf8 29. Nf2 h2+ (29... Bxb2 30. Nxh3 b5 31. axb5 $17) 30. Kg2 $2 (30. Kh1) 30... Ke8 $2 (30... Rc8 {Hoping for ...Rc2.} 31. Kh1 Rc2) 31. Rd1 Rc8 {aiming for ...Rc2.} 32. Ng4 (32. Nd3 $142 Rc2+ 33. Kh1 Bxb2 34. Nxb2 Rxb2 35. Rc1) 32... Rc2+ ({Weaker is} 32... Bxb2 33. Kxh2 Rc4 34. Rb1 $17) 33. Kh1 Bxb2 34. Nxh2 Rc1 35. Rxc1 Bxc1 {KB-KN} 36. Ng4 Ke7 37. Kg2 (37. e5 $17) 37... f5 38. Nf2 (38. Ne5 $142) 38... Kd6 39. Nd3 Be3 40. Kf1 Bd4 41. Ke2 Kc6 42. Nc1 Kc5 $2 (42... Bb6 $19 {...fxe4 is the strong threat.} 43. Nd3 Bd4 44. exf5 exf5) 43. Kd3 $2 {[%mdl 8192]} (43. Nb3+ $11 {and White is okay.} Kc4 44. Na5+ Kc3 45. exf5 exf5 46. Nxb7) 43... Be5 44. Na2 g4 45. exf5 (45. fxg4 $142 fxg4 46. Nc1) 45... exf5 46. fxg4 fxg4 47. Ke4 g3 (47... Bb2 $142 48. Kd3 g3 49. Ke3 Kc4 50. Kf3 {[#]} Kb3 $1 {[%mdl 512]} 51. Kxg3 Kxa2 52. Kg4 Ka3 53. Kf5 Kxa4 54. Ke4 b5 55. Kd3 b4 56. Kc2 Be5 57. Kd3 b3 58. Ke3 b2 59. Ke4 Bh8 60. Kf5 b1=Q+ 61. Kf4 Qd3 62. Kg4 Qe4+ 63. Kg5 Bc3 64. Kh5 Qf5+ 65. Kh6 Qg4 66. Kh7 Qg7#) 48. Kf3 Kc4 {Av CentiPawn Loss W=-104/B=-74. Weighted=-77/-67} 0-1

[Event "Balkan Youth Online-ch 2020"]
[Site "Online"]
[Date "2020.10.31"]
[Round "4.50"]
[White "Omorjan, Dejan"]
[Black "Vlachos, Anatole"]
[Result "1-0"]
[WhiteElo "2259"]
[BlackElo "2437"]
[Annotator "TA"]
[PlyCount "27"]
[EventDate "2020.10.31"]
[EventType "swiss"]
[SourceTitle "playchess.com"]
[Source "ChessBase"]
[SourceQuality "1"]

{[%evp 9,27,30,22,33,30,17,39,3,225,240,214,220,276,241,226,237,315,318,397,352]} 1. d4 Nf6 2. c4 e6 3. Nf3 Bb4+ 4. Bd2 Be7 5. Nc3 O-O 6. e4 {E11: Bogo-Indian.} d5 7. e5 Ne4 {[#]} 8. Qc2 $146 {White is slightly better.} (8. cxd5 $5 {[%cal Rc3e4]} Nxd2 9. Qxd2 $11) ({Predecessor:} 8. Bd3 Nxd2 9. Qxd2 c5 10. O-O Nc6 11. cxd5 exd5 12. dxc5 Bg4 13. Qf4 Bxf3 14. Qxf3 Nxe5 15. Bxh7+ Kxh7 {½-½ (85) Sarana,A (2654)-Xiong,J (2709) chess.com INT 2020}) 8... Nc6 $2 (8... Nxd2 $11 {and Black is okay.} 9. Qxd2 f6) 9. Nxe4 $18 dxe4 10. Qxe4 Bd7 11. Bd3 $40 {[%csl Gd3][%cal Re4h7][%mdl 128] [#] Black is in trouble.} g6 12. a3 a5 13. h4 h5 14. g4 {White took control after the opening.} 1-0

[Event "Balkan Youth Online-ch 2020"]
[Site "Online"]
[Date "2020.10.31"]
[Round "4.52"]
[White "Vogli, Erjon"]
[Black "Sukovic, Darko"]
[Result "1-0"]
[WhiteElo "1512"]
[BlackElo "1938"]
[Annotator "TA"]
[PlyCount "39"]
[EventDate "2020.10.31"]
[EventType "swiss"]
[SourceTitle "playchess.com"]
[Source "ChessBase"]
[SourceQuality "1"]

{[%evp 15,39,15,64,45,97,81,115,68,114,107,156,147,152,139,156,129,103,33,62,48,192,201,175,196,175,172]} 1. Nf3 d5 2. c4 e6 3. g3 Nf6 4. Bg2 Be7 5. O-O O-O 6. d4 dxc4 7. Qc2 c6 8. Qxc4 Nbd7 9. Qc2 {E02: Open Catalan: 5 Qa4+.} Nb6 ({Black should play} 9... a5 $14) 10. e4 $16 Re8 11. Nc3 {[#] White is better.} Bd7 $146 ({Predecessor:} 11... Nfd7 12. Be3 Nf6 13. Rad1 Bf8 14. Bg5 h6 15. e5 hxg5 16. Nxg5 g6 17. exf6 Qxf6 {1-0 (42) Lai,R (1931)-Liu,C Hong Kong 2015}) 12. a4 {[%cal Ba2a4,Ba4a5][%mdl 32]} Rc8 13. a5 Na8 14. h4 c5 15. d5 exd5 {Threatening ...d4.} 16. exd5 (16. e5 $16 Ng4 17. Ng5 (17. Nxd5 Nc7 $16)) 16... Bd6 17. Bg5 Bb8 (17... h6 $14 18. Bxf6 Qxf6) 18. Ne4 $18 {White is clearly better.} Rxe4 19. Bxf6 $1 Qxf6 20. Qxe4 {Av CentiPawn Loss W=-16/B=-27. Weighted=-15/-28} 1-0

[Event "Balkan Youth Online-ch 2020"]
[Site "Online"]
[Date "2020.10.31"]
[Round "4.55"]
[White "Toumpakari, Maria"]
[Black "Bagas, Ana"]
[Result "0-1"]
[WhiteElo "1376"]
[BlackElo "1589"]
[Annotator "NA RC"]
[PlyCount "120"]
[EventDate "2020.10.31"]
[EventType "swiss"]
[SourceTitle "playchess.com"]
[Source "ChessBase"]
[SourceQuality "1"]
[TimeControl "1500+5"]

1. e4 {[%emt 0:00:00]} e6 {[%emt 0:00:05]} 2. d4 {[%emt 0:00:00]} d5 {[%emt 0:00:03]} 3. exd5 {[%emt 0:00:00]} exd5 {[%emt 0:00:00]} 4. Bd3 {[%emt 0:00:04]} Nf6 {[%emt 0:00:02]} 5. Ne2 {[%emt 0:00:24]} c5 {[%emt 0:00:00]} 6. dxc5 {[%emt 0:00:15]} Bxc5 {[%emt 0:00:10]} 7. O-O {[%emt 0:00:05]} O-O {[%emt 0:00:02]} 8. Nbc3 {[%emt 0:00:08]} Nc6 {[%emt 0:00:02]} 9. Bg5 {[%emt 0:00:11]} Be6 {[%emt 0:00:26]} 10. Ng3 {[%emt 0:01:49]} h6 {[%emt 0:00:48]} 11. Bxf6 {[%emt 0:01:00]} Qxf6 {[%emt 0:00:15]} 12. Qh5 {[%emt 0:00:44]} Rad8 {[%emt 0:03:08]} 13. Rad1 {[%emt 0:01:30]} Ne5 {[%emt 0:00:56]} 14. h3 {[%emt 0:00:39]} Bd6 {[%emt 0:02:46]} 15. Nf5 {[%emt 0:01:24]} Nxd3 {[%emt 0:00:27]} 16. Nxd6 {[%emt 0:01:25]} Nf4 {[%emt 0:00:09]} 17. Qf3 {[%emt 0:00:28]} Nxh3+ {[%emt 0:01:46]} 18. Kh2 {[%emt 0:00:54]} Qxf3 {[%emt 0:00:18]} 19. gxf3 {[%emt 0:00:00]} Rxd6 {[%emt 0:00:00]} 20. Ne2 {[%emt 0:01:51]} Ng5 {[%emt 0:00:42]} 21. f4 {[%emt 0:00:24]} Ne4 {[%emt 0:00:28]} 22. f3 {[%emt 0:00:13]} Nf6 {[%emt 0:00:05]} 23. Nd4 {[%emt 0:00:11]} a6 {[%emt 0:01:04]} 24. c3 {[%emt 0:00:33]} Nh5 {[%emt 0:02:05]} 25. f5 {[%emt 0:00:13]} Bd7 {[%emt 0:00:14]} 26. Rf2 {[%emt 0:00:33]} Rf6 {[%emt 0:00:19]} 27. Rfd2 {[%emt 0:01:07]} Bxf5 {[%emt 0:00:33]} 28. Nxf5 {[%emt 0:00:04]} Rxf5 {[%emt 0:00:00]} 29. Rxd5 {[%emt 0:00:05]} Rxd5 {[%emt 0:00:03]} 30. Rxd5 {[%emt 0:00:00]} Nf6 {[%emt 0:00:00]} 31. Rd6 {[%emt 0:00:16]} Re8 {[%emt 0:00:04]} 32. Rb6 {[%emt 0:00:08]} Re3 {[%emt 0:01:01]} 33. Kg2 {[%emt 0:00:08]} Re7 {[%emt 0:00:44]} 34. c4 {[%emt 0:00:29]} h5 {[%emt 0:00:08]} 35. c5 {[%emt 0:00:26]} Rc7 {[%emt 0:00:08]} 36. c6 {[%emt 0:00:18]} Rxc6 {[%emt 0:00:09]} 37. Rxb7 {[%emt 0:00:00]} g5 {[%emt 0:00:09]} 38. Rb4 {[%emt 0:00:44]} h4 {[%emt 0:00:11]} 39. a3 {[%emt 0:00:29]} Rc2+ {[%emt 0:00:00]} 40. Kg1 {[%emt 0:00:28]} h3 {[%emt 0:00:05]} 41. b3 {[%emt 0:01:10]} h2+ {[%emt 0:00:09]} 42. Kh1 {[%emt 0:00:08]} Nh5 {[%emt 0:00:12]} 43. Rg4 {[%emt 0:00:09]} f6 {[%emt 0:00:22]} 44. Rg2 {[%emt 0:00:23]} Rxg2 {[%emt 0:00:24]} 45. Kxg2 {[%emt 0:00:00]} Nf4+ {[%emt 0:00:00]} 46. Kxh2 {[%emt 0:00:00]} f5 {[%emt 0:00:21]} 47. Kg3 {[%emt 0:00:07]} Kf7 {[%emt 0:00:12]} 48. Kf2 {[%emt 0:00:00]} Ke6 {[%emt 0:00:03]} 49. Ke3 {[%emt 0:00:10]} Ke5 {[%emt 0:00:08]} 50. b4 {[%emt 0:00:01]} Nd5+ {[%emt 0:00:38]} 51. Kf2 {[%emt 0:00:34]} Kf4 {[%emt 0:00:42]} 52. Kg2 {[%emt 0:00:17]} g4 {[%emt 0:00:00]} 53. fxg4 {[%emt 0:00:00]} fxg4 {[%emt 0:00:00]} 54. Kf2 {[%emt 0:00:08]} g3+ {[%emt 0:00:03]} 55. Kg2 {[%emt 0:00:11]} Ne3+ {[%emt 0:00:02]} 56. Kg1 {[%emt 0:00:27]} Nc2 {[%emt 0:00:21]} 57. a4 {[%emt 0:00:15]} Nxb4 {[%emt 0:00:00]} 58. Kg2 {[%emt 0:00:05]} a5 {[%emt 0:00:02]} 59. Kg1 {[%emt 0:00:06]} Nd5 {[%emt 0:00:00]} 60. Kg2 {[%emt 0:00:00]} Nc3 {[%emt 0:00:00]} 0-1

[Event "Balkan Youth Online-ch 2020"]
[Site "Online"]
[Date "2020.10.31"]
[Round "4.57"]
[White "Caku, Kler"]
[Black "Siskou, Evangelia"]
[Result "1-0"]
[WhiteElo "1199"]
[BlackElo "1339"]
[Annotator "NA RC"]
[PlyCount "31"]
[EventDate "2020.10.31"]
[EventType "swiss"]
[SourceTitle "playchess.com"]
[Source "ChessBase"]
[SourceQuality "1"]
[TimeControl "1500+5"]

1. e4 {[%emt 0:00:00]} e5 {[%emt 0:00:00]} 2. Nf3 {[%emt 0:00:00]} Nc6 {[%emt 0:00:00]} 3. d4 {[%emt 0:00:00]} exd4 {[%emt 0:00:11]} 4. Nxd4 {[%emt 0:00:00]} Nf6 {[%emt 0:00:03]} 5. Nc3 {[%emt 0:00:00]} Bb4 {[%emt 0:00:03]} 6. Nxc6 {[%emt 0:00:00]} b5 {[%emt 0:00:05]} 7. Nxd8 {[%emt 0:00:00]} Kxd8 {[%emt 0:00:10]} 8. Bg5 {[%emt 0:00:00]} Ke8 {[%emt 0:00:01]} 9. Bxf6 {[%emt 0:00:00]} gxf6 {[%emt 0:00:01]} 10. Qd3 {[%emt 0:00:00]} Bxc3+ {[%emt 0:00:00]} 11. Qxc3 {[%emt 0:00:00]} c6 {[%emt 0:00:01]} 12. Qxf6 {[%emt 0:00:00]} Rf8 {[%emt 0:00:02]} 13. O-O-O {[%emt 0:00:00]} Bb7 {[%emt 0:00:03]} 14. Qe5+ {[%emt 0:00:19]} Kd8 {[%emt 0:00:00]} 15. Qd6 {[%emt 0:00:00]} Re8 {[%emt 0:00:00]} 16. Qxd7# {[%emt 0:00:00]} 1-0

[Event "Balkan Youth Online-ch 2020"]
[Site "Online"]
[Date "2020.10.31"]
[Round "4.63"]
[White "Tirpan, Ceren"]
[Black "Pirvan, Maria"]
[Result "1-0"]
[WhiteElo "1379"]
[BlackElo "1484"]
[Annotator "NA RC"]
[PlyCount "115"]
[EventDate "2020.10.31"]
[EventType "swiss"]
[SourceTitle "playchess.com"]
[Source "ChessBase"]
[SourceQuality "1"]
[TimeControl "1500+5"]

1. e4 {[%emt 0:00:00]} c5 {[%emt 0:00:00]} 2. Nf3 {[%emt 0:00:00]} Nc6 {[%emt 0:00:00]} 3. d4 {[%emt 0:00:00]} cxd4 {[%emt 0:00:00]} 4. Nxd4 {[%emt 0:00:00]} Nf6 {[%emt 0:00:00]} 5. Nxc6 {[%emt 0:00:00]} bxc6 {[%emt 0:00:00]} 6. Bd3 {[%emt 0:00:00]} e5 {[%emt 0:00:00]} 7. O-O {[%emt 0:00:00]} Bc5 {[%emt 0:00:39]} 8. Nc3 {[%emt 0:00:00]} O-O {[%emt 0:00:16]} 9. h3 {[%emt 0:00:00]} d5 {[%emt 0:00:03]} 10. exd5 {[%emt 0:00:00]} cxd5 {[%emt 0:00:00]} 11. Bg5 {[%emt 0:00:00]} Bb7 {[%emt 0:00:43]} 12. Re1 {[%emt 0:00:56]} h6 {[%emt 0:00:42]} 13. Bh4 {[%emt 0:00:08]} Re8 {[%emt 0:00:31]} 14. Bg3 {[%emt 0:01:10]} e4 {[%emt 0:03:02]} 15. Bf1 {[%emt 0:00:18]} e3 {[%emt 0:05:47]} 16. fxe3 {[%emt 0:00:36]} Bxe3+ {[%emt 0:00:01]} 17. Kh2 {[%emt 0:00:06]} d4 {[%emt 0:01:06]} 18. Nb5 {[%emt 0:01:24]} Ne4 {[%emt 0:01:18]} 19. Qg4 {[%emt 0:00:55]} Nxg3 {[%emt 0:00:48]} 20. Qxg3 {[%emt 0:00:01]} Qf6 {[%emt 0:01:12]} 21. Kh1 {[%emt 0:01:47]} Bf2 {[%emt 0:01:48]} 22. Rxe8+ {[%emt 0:00:05]} Rxe8 {[%emt 0:00:00]} 23. Qc7 {[%emt 0:01:01]} Ba8 {[%emt 0:02:17]} 24. Nd6 {[%emt 0:00:34]} Rf8 {[%emt 0:01:10]} 25. Nc8 {[%emt 0:03:06]} Qe6 {[%emt 0:01:48]} 26. Ne7+ {[%emt 0:00:36]} Kh8 {[%emt 0:00:10]} 27. Bc4 {[%emt 0:03:17]} Qxh3+ {[%emt 0:00:44]} 28. Qh2 {[%emt 0:00:00]} Qd7 {[%emt 0:00:33]} 29. Rf1 {[%emt 0:00:22]} Qxe7 {[%emt 0:01:07]} 30. Rxf2 {[%emt 0:00:00]} f5 {[%emt 0:00:46]} 31. Qf4 {[%emt 0:00:19]} Be4 {[%emt 0:00:16]} 32. Re2 {[%emt 0:00:44]} Qf6 {[%emt 0:00:10]} 33. Kg1 {[%emt 0:00:39]} Rc8 {[%emt 0:00:07]} 34. Bb3 {[%emt 0:00:13]} d3 {[%emt 0:00:15]} 35. cxd3 {[%emt 0:00:25]} Bxd3 {[%emt 0:00:14]} 36. Re6 {[%emt 0:00:16]} Qg5 {[%emt 0:00:08]} 37. Qxg5 {[%emt 0:01:12]} hxg5 {[%emt 0:00:00]} 38. Re7 {[%emt 0:00:00]} a6 {[%emt 0:00:02]} 39. Rd7 {[%emt 0:00:09]} Be4 {[%emt 0:00:12]} 40. Rd6 {[%emt 0:00:30]} Rc1+ {[%emt 0:00:08]} 41. Kf2 {[%emt 0:00:00]} Rb1 {[%emt 0:00:04]} 42. Rd2 {[%emt 0:00:01]} Rc1 {[%emt 0:00:08]} 43. Bf7 {[%emt 0:00:16]} Rc6 {[%emt 0:00:04]} 44. b4 {[%emt 0:00:13]} Rb6 {[%emt 0:00:01]} 45. a3 {[%emt 0:00:00]} Rf6 {[%emt 0:00:05]} 46. Bc4 {[%emt 0:00:00]} Rc6 {[%emt 0:00:02]} 47. Bf7 {[%emt 0:00:03]} Rc3 {[%emt 0:00:07]} 48. Bg6 {[%emt 0:00:01]} Rc8 {[%emt 0:00:07]} 49. g4 {[%emt 0:00:04]} Rf8 {[%emt 0:00:08]} 50. Ke3 {[%emt 0:00:09]} Bb7 {[%emt 0:00:09]} 51. Bxf5 {[%emt 0:00:11]} Kg8 {[%emt 0:00:05]} 52. Be6+ {[%emt 0:00:00]} Kh7 {[%emt 0:00:00]} 53. Rh2+ {[%emt 0:00:00]} Kg6 {[%emt 0:00:00]} 54. Bf5+ {[%emt 0:00:00]} Kf6 {[%emt 0:00:04]} 55. Rd2 {[%emt 0:00:00]} Re8+ {[%emt 0:00:04]} 56. Kf2 {[%emt 0:00:00]} Ke7 {[%emt 0:00:10]} 57. Rd7+ {[%emt 0:00:00]} Kf6 {[%emt 0:00:01]} 58. Rxb7 {[%emt 0:00:00]} 1-0

[Event "Balkan Youth Online-ch 2020"]
[Site "Online"]
[Date "2020.10.31"]
[Round "4.64"]
[White "Arshinkova, Boryana"]
[Black "Christodoulou, Georgia"]
[Result "0-1"]
[WhiteElo "1329"]
[BlackElo "1373"]
[Annotator "NA RC"]
[PlyCount "90"]
[EventDate "2020.10.31"]
[EventType "swiss"]
[SourceTitle "playchess.com"]
[Source "ChessBase"]
[SourceQuality "1"]
[TimeControl "1500+5"]

1. e4 {[%emt 0:00:00]} e6 {[%emt 0:00:00]} 2. d4 {[%emt 0:00:00]} d5 {[%emt 0:00:00]} 3. Nd2 {[%emt 0:00:00]} Nf6 {[%emt 0:00:00]} 4. e5 {[%emt 0:00:06]} Nfd7 {[%emt 0:00:00]} 5. Ngf3 {[%emt 0:00:09]} c5 {[%emt 0:00:00]} 6. c3 {[%emt 0:00:00]} Qb6 {[%emt 0:00:00]} 7. Be2 {[%emt 0:00:18]} Nc6 {[%emt 0:00:00]} 8. Nb3 {[%emt 0:00:24]} cxd4 {[%emt 0:00:00]} 9. cxd4 {[%emt 0:00:02]} Bb4+ {[%emt 0:00:00]} 10. Bd2 {[%emt 0:00:00]} Bxd2+ {[%emt 0:00:11]} 11. Qxd2 {[%emt 0:00:00]} Qb4 {[%emt 0:00:02]} 12. Qxb4 {[%emt 0:00:26]} Nxb4 {[%emt 0:00:00]} 13. O-O {[%emt 0:00:00]} O-O {[%emt 0:00:06]} 14. a3 {[%emt 0:00:00]} Nc6 {[%emt 0:00:00]} 15. Rac1 {[%emt 0:00:00]} Nb6 {[%emt 0:00:00]} 16. Bb5 {[%emt 0:00:53]} Ne7 {[%emt 0:03:26]} 17. Na5 {[%emt 0:01:17]} a6 {[%emt 0:00:37]} 18. Ba4 {[%emt 0:00:06]} Nxa4 {[%emt 0:01:09]} 19. b3 {[%emt 0:00:12]} Nb6 {[%emt 0:00:08]} 20. Rc7 {[%emt 0:00:24]} Ng6 {[%emt 0:01:04]} 21. Nxb7 {[%emt 0:00:00]} Bxb7 {[%emt 0:00:00]} 22. Rxb7 {[%emt 0:00:00]} Rfb8 {[%emt 0:00:08]} 23. Rc7 {[%emt 0:00:05]} Nc8 {[%emt 0:00:27]} 24. b4 {[%emt 0:00:00]} Nce7 {[%emt 0:00:03]} 25. Rfc1 {[%emt 0:00:01]} Rc8 {[%emt 0:00:00]} 26. R7c5 {[%emt 0:00:17]} Nf4 {[%emt 0:00:00]} 27. Rd1 {[%emt 0:00:38]} Ne2+ {[%emt 0:02:14]} 28. Kf1 {[%emt 0:00:00]} Nc3 {[%emt 0:00:06]} 29. Ra1 {[%emt 0:01:13]} Ne4 {[%emt 0:00:19]} 30. Rcc1 {[%emt 0:00:20]} Rxc1+ {[%emt 0:00:08]} 31. Rxc1 {[%emt 0:00:00]} Rc8 {[%emt 0:00:03]} 32. Ra1 {[%emt 0:00:07]} Rc2 {[%emt 0:00:09]} 33. Kg1 {[%emt 0:00:29]} Nxf2 {[%emt 0:00:14]} 34. Ne1 {[%emt 0:00:13]} Rb2 {[%emt 0:00:17]} 35. Rc1 {[%emt 0:00:04]} Ne4 {[%emt 0:00:31]} 36. Rc7 {[%emt 0:00:02]} Kf8 {[%emt 0:00:17]} 37. Ra7 {[%emt 0:00:13]} g6 {[%emt 0:00:16]} 38. Rxa6 {[%emt 0:00:00]} Nf5 {[%emt 0:00:20]} 39. Rb6 {[%emt 0:00:35]} Ne3 {[%emt 0:00:36]} 40. h3 {[%emt 0:00:27]} Rb1 {[%emt 0:00:08]} 41. Kh2 {[%emt 0:00:00]} Rxe1 {[%emt 0:00:02]} 42. a4 {[%emt 0:00:01]} Re2 {[%emt 0:00:04]} 43. Rb8+ {[%emt 0:00:12]} Kg7 {[%emt 0:00:00]} 44. a5 {[%emt 0:00:00]} Rxg2+ {[%emt 0:00:00]} 45. Kh1 {[%emt 0:00:00]} Ng3# {[%emt 0:00:00]} 0-1